| 000 | 00396cam a22001337a 4500 | ||
|---|---|---|---|
| 008 | 180718b1971 xxu||||| |||| 00| 0 eng d | ||
| 082 | _aDx54 T95 | ||
| 100 | _aTyabji, Badr Ud-din | ||
| 245 |
_aIndian policies and practice _cby Badr Ud-din Tyabji |
||
| 260 |
_aDelhi _bOriental _c1971 |
||
| 300 | _a220p. | ||
| 650 | _aIndia --Politics and government --1947- | ||
| 650 | _aIndia --Foreign relations | ||
| 999 |
_c355838 _d355838 |
||